000 00570nam a2200169 i 4500
001 bg
100 1 _aBIERNACKI, Janusz
245 0 _aProbabilistyczna ocena wydajności złożonych szeregów procesów produkcyjnych nie posiadających magazynowania międzyoperacyjnego /
_cJanusz Biernacki.
260 _aKraków,
_c1976.
490 1 _aZeszyt Naukowy / Politechnika Krakowska ;
_vnr 7
830 0 _aZeszyt Naukowy (Politechnika Krakowska) ;
_vnr 7
040 _cBPK
041 _apol
080 _a658:69
942 _cKS
008 s pl f |000 0 pol
999 _c17455
_d17455
856 _uhttp://koha.tu.koszalin.pl/cgi-bin/koha/opac-detail.pl?biblionumber=17455
_yKatalog online BPK